000
00266nam a22001217a 4500
008
180215b xxu||||| |||| 00| 0 eng d
041
_a
eng
080
_2
8 ed
_a
611
100
_a
6
101
_a
ana
245
_a
buchnans of anatomy
_c
jones.w
942
_2
udc
_c
BK
999
_c
42561
_d
42561